00741 2200229 4500001002100000005001500021035002000036007000300056008004100059020002200100082001000122084001600132100001500148245004800163250001000211260004400221300003600265520016500301600001700466990001400483990001400497INLIS00000000000000520200629012118 a0010-0620000002ta200629 0 ind  a978-602-61373-0-2 a745.5 a745.5 ALI k0 aAlika Tyas1 aKreasi Bunga dari Kertas Krep /cAlika Tyas acet.1 aMalang :bLembaga Kajian Profesi,c2018 a104hlm. :bilus. ;c17 x 24 cm. aKerajinan tangan dari kertas krep mungkin banyak kita jumpai. Namun belum banyak yang mengetahui bagaimana caranya berkreasi membentuk sebuah benda dari kertas. 4aketerampilan a0001/2019 a0002/2019